What Movie? Back to the Camera XXV Quiz Stats

 Plays Quiz Updated Aug 14, 2019

Score 0/25 Timer 08:00
2 Plays Today
% Correct
Bohemian Rhapsody
90.6%
Mulan
87.7%
Charlie and the Chocolate Factory
82.3%
The Addams Family
78.4%
Ace Ventura: Pet Detective
71.4%
Teen Wolf
63.7%
Avengers: Infinity War
63.5%
Seabiscuit
53.9%
The Hangover Part II
52.2%
Roman Holiday
44.4%
A Knight's Tale
42.1%
Elizabeth
39.4%
Beethoven
34.5%
% Correct
The Color of Money
32.4%
Sixteen Candles
29.8%
Rebel Without a Cause
27.1%
A Star Is Born
26.5%
A Quiet Place
22.8%
Bumblebee
22.1%
The Shallows
20.9%
Ready Player One
18.6%
Dante's Peak
17.5%
Green Book
16.9%
The Gold Rush
14.6%
The Spy Who Loved Me
10.7%

You're not logged in!

Compare scores with friends on all Sporcle quizzes.
OR
Log In

Sporcle TV

Today on Sporcle TV


Watch our educational content, quiz creation guides, and fun videos on Sporcle TV.

Show Comments

Extras

Top Quizzes Today


Score Distribution

Your Account Isn't Verified!

In order to create a playlist on Sporcle, you need to verify the email address you used during registration. Go to your Sporcle Settings to finish the process.

Report this User

Report this user for behavior that violates our Community Guidelines.

Details: